000 00290nam a22001337a 4500
008 170719b xxu||||| |||| 00| 0 eng d
020 _a0800624424
041 _aeng
080 _a2
100 _a24
101 _aTEO
245 _aNEW TESTAMENTS MYTHOLOGY
_cBULTMANN, R
942 _2udc
_cBK
999 _c21589
_d21589